000 00676nam a2200265Ia 4500
005 20260121170849.0
008 008 260114s9999 xx 000 0 eng d
020 _a9783319974392
037 _aEBOOK
040 _aCRL
040 _beng
040 _cCRL
041 _2eng
041 _aeng
084 _qCRL
100 _aElio Santacesaria, Riccardo Tesser
_91069105
245 4 _aThe Chemical Reactor from Laboratory to Industrial Plant
260 _bSpringer
260 _bSpringer
260 _c2018
856 _uhttps://link.springer.com/openurl?genre=book&isbn=978-3-319-97439-2
942 _cEBOOK
999 _c1634835
_d1634835